[Event "Titled Tuesday intern op 16th Sep"]
[Site "Chess.com INT"]
[Date "2025.09.16"]
[Round "2"]
[White "Berikkyzy, Alanna"]
[Black "Jai, Sankar Subramanian"]
[Result "0-1"]
[WhiteElo "2241"]
[BlackElo "2276"]
[PlyCount "130"]
[EventDate "2025.09.16"]
[EventType "swiss (blitz)"]
[EventRounds "11"]
[EventCountry "USA"]
[SourceTitle "CB39_2025"]
[SourceDate "2025.09.24"]
[SourceVersion "1"]
[SourceVersionDate "2025.09.24"]
[SourceQuality "1"]

1. e4 c6 2. Nc3 d5 3. Nf3 dxe4 4. Nxe4 Nf6 5. Qe2 Nxe4 6. Qxe4 Qd5 7. Qf4 Qf5 8. Qxf5 Bxf5 9. b3 Nd7 10. Bb2 f6 11. 0-0-0 e5 12. Re1 0-0-0 13. d4 exd4 14. Nxd4 Bg6 15. Bc4 Bb4 16. Re2 Ne5 17. Be6+ Kb8 18. Bf5 Rxd4 19. Bxg6 Rdd8 20. Bf5 Bd6 21. f4 Ng6 22. g3 Rhe8 23. Rhe1 Rxe2 24. Rxe2 Nxf4 25. Rd2 Ng6 26. h4 Kc7 27. h5 Ne7 28. Bxh7 Bxg3 29. Rxd8 Kxd8 30. Kd2 Bf4+ 31. Ke2 Kd7 32. Kf3 Bd2 33. Bd3 b5 34. Kg4 Ke6 35. Kf3 a6 36. Ke2 Bf4 37. Kf3 Bd2 38. Ke2 Bg5 39. Kf3 Nd5 40. Be4 Bd2 41. c4 Ne7 42. Bd3 Bg5 43. Ba3 Nf5 44. Bc5 Nd6 45. cxb5 cxb5 46. b4 Bd2 47. Ke2 Bg5 48. Kf3 Nc4 49. Bxc4+ bxc4 50. Ke2 Kd5 51. Kd1 f5 52. Kc2 f4 53. Be3 fxe3 54. Kd1 Kd4 55. Ke2 c3 56. Kd1 Kd3 57. Ke1 c2 58. Kf1 c1Q+ 59. Kg2 Qd2+ 60. Kg3 e2 61. Kf3 Qf4+ 62. Kg2 e1Q 63. Kh3 Qee3+ 64. Kg2 Qff2+ 65. Kh1 Qee1# 0-1

[Event "Titled Tuesday intern op 16th Sep"]
[Site "Chess.com INT"]
[Date "2025.09.16"]
[Round "9"]
[White "Piddubna, Bozhena"]
[Black "Berikkyzy, Alanna"]
[Result "1-0"]
[WhiteElo "2265"]
[BlackElo "2241"]
[PlyCount "81"]
[EventDate "2025.09.16"]
[EventType "swiss (blitz)"]
[EventRounds "11"]
[EventCountry "USA"]
[SourceTitle "CB39_2025"]
[SourceDate "2025.09.24"]
[SourceVersion "1"]
[SourceVersionDate "2025.09.24"]
[SourceQuality "1"]

1. d4 Nf6 2. c4 e6 3. Nf3 d5 4. g3 dxc4 5. Bg2 Nc6 6. 0-0 Rb8 7. a4 b6 8. Na3 Ba6 9. Nb5 Bxb5 10. axb5 Na5 11. Ne5 Bd6 12. Nc6 Nxc6 13. Bxc6+ Nd7 14. Rxa7 0-0 15. Qc2 e5 16. Qxc4 exd4 17. Qxd4 Ne5 18. Bg2 Qd7 19. Qa4 Bc5 20. Bf4 Rfe8 21. Rd1 Qf5 22. Rxc7 Ng4 23. e3 g5 24. h3 gxf4 25. hxg4 Qxg4 26. Rdd7 Rbd8 27. Qxf4 Qxf4 28. gxf4 Rxd7 29. Rxd7 f6 30. Bd5+ Kh8 31. Kg2 Rc8 32. Kf3 Bb4 33. Be4 Rc5 34. Rxh7+ Kg8 35. Rd7 Rxb5 36. Bd5+ Kh8 37. Kg4 Bf8 38. b3 Rc5 39. Kf5 Bg7 40. Kg6 b5 41. Rd8+ 1-0

[Event "Titled Tuesday intern op 16th Sep"]
[Site "Chess.com INT"]
[Date "2025.09.16"]
[Round "4"]
[White "Vidruska, Renate"]
[Black "Berikkyzy, Alanna"]
[Result "0-1"]
[WhiteElo "2025"]
[BlackElo "2241"]
[PlyCount "116"]
[EventDate "2025.09.16"]
[EventType "swiss (blitz)"]
[EventRounds "11"]
[EventCountry "USA"]
[SourceTitle "CB39_2025"]
[SourceDate "2025.09.24"]
[SourceVersion "1"]
[SourceVersionDate "2025.09.24"]
[SourceQuality "1"]

1. e4 c5 2. Nf3 Nc6 3. d4 cxd4 4. Nxd4 g6 5. c4 Nf6 6. Nc3 Nxd4 7. Qxd4 d6 8. Be3 Bg7 9. Qd2 0-0 10. Bd3 Ng4 11. Bg5 Be6 12. Nd5 Bxd5 13. exd5 h6 14. Bh4 Ne5 15. 0-0 Qd7 16. Rac1 Nxd3 17. Qxd3 Bxb2 18. Rb1 Bg7 19. Rfe1 Rfe8 20. f4 a6 21. Bf2 Rab8 22. Rb6 Qa4 23. Re2 Rec8 24. Rc2 Rc7 25. g4 Rbc8 26. f5 Rxc4 27. Rxc4 Rxc4 28. h3 Rc3 29. Qe2 Qd7 30. fxg6 fxg6 31. Qe4 Kh7 32. Qb4 a5 33. Rxb7 Qc8 34. Qb5 Rc1+ 35. Kg2 Rc2 36. Kg1 Qf8 37. Qb6 Qf3 38. Rxe7 Rc1+ 39. Be1 Qg3+ 40. Kf1 Qxh3+ 41. Ke2 Rc2+ 42. Bd2 Qxg4+ 43. Kd3 Qc4+ 44. Ke3 Qc5+ 45. Qxc5 Rxc5 46. Rd7 h5 47. Ke4 h4 48. Bg5 Kg8 49. Rd8+ Kf7 50. Rd7+ Kg8 51. Rd8+ Kh7 52. Rd7 Rc4+ 53. Ke3 Kg8 54. Rd8+ Bf8 55. Bh6 h3 56. Rxf8+ Kh7 57. Bf4 Rc3+ 58. Ke4 Rc2 0-1

[Event "Dortmund Sparkassen op-A 52nd"]
[Site "Dortmund"]
[Date "2025.08.02"]
[Round "1"]
[White "Liu, Yan"]
[Black "Berikkyzy, Alanna"]
[Result "1-0"]
[WhiteElo "2531"]
[BlackElo "2162"]
[PlyCount "117"]
[EventDate "2025.08.02"]
[EventType "swiss"]
[EventRounds "9"]
[EventCountry "GER"]
[SourceTitle "CB33_2025"]
[SourceDate "2025.08.13"]
[SourceVersion "1"]
[SourceVersionDate "2025.08.13"]
[SourceQuality "1"]

1. c4 c5 2. g3 Nc6 3. Bg2 Nf6 4. Nc3 g6 5. Nf3 d6 6. d4 cxd4 7. Nxd4 Bd7 8. b3 Bg7 9. Nc2 h5 10. h4 Ng4 11. Bd2 0-0 12. 0-0 a6 13. Rc1 Rb8 14. Ne3 Nce5 15. Ncd5 Bc6 16. Nxg4 Nxg4 17. Bg5 Bxd5 18. Qxd5 Nf6 19. Qd2 b5 20. Rfd1 Ng4 21. Bh3 Nf6 22. Be3 Kh7 23. b4 bxc4 24. Rxc4 d5 25. Rc6 e6 26. Bg2 Ra8 27. Rdc1 Ng4 28. Bc5 Re8 29. f4 Qd7 30. Bb6 Rf8 31. Rc7 Qb5 32. Bc5 Kg8 33. e3 Rfc8 34. Bf1 Qe8 35. Rxc8 Qxc8 36. a4 Qb7 37. a5 Bf8 38. Bb6 Bd6 39. b5 axb5 40. Bxb5 Qe7 41. a6 Kh7 42. Qe2 e5 43. Bc6 Rc8 44. a7 Bc7 45. Bc5 Bd6 46. a8Q Rxa8 47. Bxd6 Qxd6 48. Bxa8 Qa3 49. Rc8 Nxe3 50. fxe5 Nf5 51. Bxd5 Qxg3+ 52. Bg2 Qxh4 53. Qf2 Qa4 54. Rc1 Kg7 55. Re1 Qb3 56. Kh2 Nh6 57. Bh3 Qb8 58. Qf6+ Kh7 59. Rf1 1-0

[Event "Cesme op-A 11th"]
[Site "Izmir"]
[Date "2025.06.28"]
[Round "8"]
[White "Odeev, Handszar"]
[Black "Berikkyzy, Alanna"]
[Result "1/2-1/2"]
[WhiteElo "2253"]
[BlackElo "2080"]
[PlyCount "72"]
[EventDate "2025.06.23"]
[EventType "swiss"]
[EventRounds "9"]
[EventCountry "TUR"]
[SourceTitle "CB27_2025"]
[SourceDate "2025.07.02"]
[SourceVersion "1"]
[SourceVersionDate "2025.07.02"]
[SourceQuality "1"]

1. e4 c5 2. Nf3 d6 3. Nc3 Nf6 4. d4 cxd4 5. Nxd4 g6 6. Nf3 Nc6 7. h3 Bg7 8. Bc4 0-0 9. 0-0 a6 10. a4 Bd7 11. Qe2 Rc8 12. Bg5 Re8 13. Rad1 Na5 14. Ba2 Qb6 15. Rb1 e6 16. Rfd1 Qc7 17. Qd3 b5 18. Qxd6 Qxd6 19. Rxd6 Bc6 20. axb5 axb5 21. Bxf6 Bxf6 22. Nd4 b4 23. Nxc6 Nxc6 24. Ne2 Na5 25. Rd2 Nc4 26. Bxc4 Rxc4 27. f3 Rec8 28. c3 bxc3 29. bxc3 Bxc3 30. Nxc3 Rxc3 31. Kf2 Rc2 32. Rb2 Rxb2 33. Rxb2 Rc5 34. Ke3 e5 35. Rd2 Rc3+ 36. Kf2 Kg7 1/2-1/2

[Event "Cesme op-A 11th"]
[Site "Izmir"]
[Date "2025.06.23"]
[Round "1"]
[White "Berikkyzy, Alanna"]
[Black "Kazimova, Narmin Nizami Qizi"]
[Result "1-0"]
[WhiteElo "2080"]
[BlackElo "2169"]
[PlyCount "29"]
[EventDate "2025.06.23"]
[EventType "swiss"]
[EventRounds "9"]
[EventCountry "TUR"]
[SourceTitle "CB27_2025"]
[SourceDate "2025.07.02"]
[SourceVersion "1"]
[SourceVersionDate "2025.07.02"]
[SourceQuality "1"]

1. e4 c5 2. Nf3 e6 3. d4 cxd4 4. Nxd4 Nc6 5. Nc3 Nf6 6. Ndb5 Bc5 7. Bf4 e5 8. Bg5 0-0 9. Qf3 a6 10. Nd5 axb5 11. Nxf6+ gxf6 12. Bxf6 Qa5+ 13. c3 Rd8 14. Be2 d6 15. Qg3+ 1-0

[Event "Sardinia World op-A"]
[Site "Orosei"]
[Date "2025.05.02"]
[Round "8"]
[White "Deboushnik, De"]
[Black "Berikkyzy, Alanna"]
[Result "1-0"]
[WhiteElo "2038"]
[BlackElo "2103"]
[PlyCount "166"]
[EventDate "2025.04.27"]
[EventType "swiss"]
[EventRounds "9"]
[EventCountry "ITA"]
[SourceTitle "CB19_2025"]
[SourceDate "2025.05.07"]
[SourceVersion "1"]
[SourceVersionDate "2025.05.07"]
[SourceQuality "1"]

1. d4 Nf6 2. c4 e6 3. Nc3 Bb4 4. a3 Bxc3+ 5. bxc3 b6 6. f3 Nc6 7. e4 Na5 8. Bd3 Ba6 9. Qe2 d6 10. f4 Qe7 11. Nf3 Nd7 12. Rb1 c5 13. 0-0 e5 14. fxe5 dxe5 15. d5 0-0-0 16. Nd2 f6 17. a4 Bb7 18. Ba3 Kb8 19. Bb4 Qd6 20. Bxa5 bxa5 21. Nb3 Qc7 22. Qb2 Ka8 23. Nxa5 Rb8 24. Nb3 Ba6 25. a5 Rhc8 26. Qa3 Nf8 27. Rb2 Qd6 28. Rfb1 Ng6 29. Bf1 Ne7 30. Nd2 Rxb2 31. Rxb2 f5 32. Qa1 Qh6 33. Qe1 f4 34. Nf3 Qd6 35. h4 h6 36. h5 g5 37. hxg6 Nxg6 38. Nh4 Nxh4 39. Qxh4 Rg8 40. Qh5 Bc8 41. Qf7 Rf8 42. Qg7 Rd8 43. Be2 Rd7 44. Qg8 Rd8 45. Qf7 Rf8 46. Qg7 Ba6 47. Bg4 Rd8 48. Rb1 h5 49. Bxh5 Rb8 50. Rxb8+ Qxb8 51. Bg4 Bxc4 52. Bd7 Bb5 53. Bxb5 Qxb5 54. Qxe5 Qb1+ 55. Kh2 Qe1 56. Qxf4 Qxc3 57. e5 Qd3 58. Qf3 Qh7+ 59. Qh3 Qg8 60. d6 Kb7 61. e6 Qg5 62. Qf3+ Ka6 63. Qd3+ Kxa5 64. d7 Qh4+ 65. Kg1 Qe1+ 66. Kh2 Qh4+ 67. Qh3 Qf4+ 68. g3 Qd2+ 69. Qg2 Qh6+ 70. Kg1 Qc1+ 71. Qf1 Qe3+ 72. Qf2 Qc1+ 73. Kg2 Qd1 74. Qxc5+ Ka4 75. Qxa7+ Kb3 76. Qb8+ Ka2 77. Qa8+ Kb2 78. Qf3 Qd6 79. Qf6+ Kb1 80. d8Q Qc6+ 81. Qf3 Qc2+ 82. Kh3 Qh7+ 83. Qh4 Qg8 1-0

[Event "Sardinia World op-A"]
[Site "Orosei"]
[Date "2025.04.27"]
[Round "2"]
[White "Yaniv, Yuval"]
[Black "Berikkyzy, Alanna"]
[Result "1-0"]
[WhiteElo "2407"]
[BlackElo "2103"]
[PlyCount "107"]
[EventDate "2025.04.27"]
[EventType "swiss"]
[EventRounds "9"]
[EventCountry "ITA"]
[SourceTitle "CB19_2025"]
[SourceDate "2025.05.07"]
[SourceVersion "1"]
[SourceVersionDate "2025.05.07"]
[SourceQuality "1"]

1. e4 c5 2. Nf3 Nc6 3. Bb5 d6 4. 0-0 Bd7 5. Re1 Nf6 6. c3 a6 7. Bf1 Bg4 8. d4 cxd4 9. cxd4 Bxf3 10. gxf3 e6 11. Nc3 d5 12. Bg5 Be7 13. Bxf6 Bxf6 14. exd5 Nxd4 15. Re4 Nf5 16. dxe6 0-0 17. exf7+ Kh8 18. Qd5 Nd6 19. Re3 Nxf7 20. Rd1 Qb6 21. Qb3 Qxb3 22. axb3 b5 23. f4 Nh6 24. Bg2 Rab8 25. Bh3 a5 26. Rd5 Bxc3 27. bxc3 a4 28. bxa4 bxa4 29. Re4 Ra8 30. Rd2 a3 31. Ra2 Rfd8 32. c4 Nf7 33. c5 h5 34. Be6 Rd1+ 35. Kg2 Nd8 36. Bb3 Rc1 37. Re8+ Kh7 38. Rd2 Rxc5 39. Rexd8 Rxd8 40. Rxd8 h4 41. Rd3 Kg6 42. Ba2 Ra5 43. Kf3 Ra4 44. Kg4 Kh6 45. Rc3 g6 46. Rc4 Ra5 47. Kxh4 Rb5 48. Ra4 Rb2 49. Rxa3 Rxf2 50. Kg3 Rd2 51. Bb1 Rb2 52. Be4 Rb6 53. Ra5 Re6 54. Kf3 1-0

[Event "Karlsruhe Grenke op"]
[Site "Karlsruhe"]
[Date "2025.04.17"]
[Round "1"]
[White "Berikkyzy, Alanna"]
[Black "Bellahcene, Bilel"]
[Result "0-1"]
[WhiteElo "2103"]
[BlackElo "2506"]
[PlyCount "82"]
[EventDate "2025.04.17"]
[EventType "swiss"]
[EventRounds "9"]
[EventCountry "GER"]
[SourceTitle "CB17_2025"]
[SourceDate "2025.04.23"]
[SourceVersion "1"]
[SourceVersionDate "2025.04.23"]
[SourceQuality "1"]

1. e4 c5 2. Nf3 Nc6 3. d4 cxd4 4. Nxd4 e5 5. Nb5 d6 6. N1c3 a6 7. Na3 Be6 8. Bc4 b5 9. Bd5 Qd7 10. Bxe6 fxe6 11. Nab1 Nf6 12. Bg5 Be7 13. a3 0-0 14. Bxf6 Rxf6 15. 0-0 Raf8 16. f3 Bd8 17. Ne2 Rh6 18. h3 Qe7 19. Qd2 Rg6 20. c3 Na5 21. Qe1 Nc4 22. Nd2 Ne3 23. g3 Bb6 24. Kh2 Nxf1+ 25. Qxf1 Be3 26. Rd1 Rgf6 27. Ng1 d5 28. exd5 exd5 29. Qd3 Qc5 30. b4 Bxg1+ 31. Rxg1 Qc6 32. Rd1 Kh8 33. Kg2 e4 34. fxe4 Rf2+ 35. Kg1 Qe6 36. g4 Qe5 37. Nf1 dxe4 38. Qe3 R2f3 39. Qe2 Rxc3 40. Qg2 Rxa3 41. Re1 Ra1 0-1

[Event "KAZ-ch (Women)"]
[Site "Astana"]
[Date "2024.12.07"]
[Round "8"]
[White "Nurmanova, Alua"]
[Black "Berikkyzy, Alanna"]
[Result "0-1"]
[WhiteElo "2330"]
[BlackElo "2043"]
[PlyCount "48"]
[EventDate "2024.12.01"]
[EventType "tourn"]
[EventRounds "13"]
[EventCountry "KAZ"]
[SourceTitle "CB51_2024"]
[SourceDate "2024.12.18"]
[SourceVersion "1"]
[SourceVersionDate "2024.12.18"]
[SourceQuality "1"]

1. e4 e6 2. d4 d5 3. Nc3 Nf6 4. e5 Nfd7 5. f4 c5 6. Nf3 Nc6 7. Be3 Be7 8. Qd2 0-0 9. dxc5 Qa5 10. 0-0-0 b6 11. Bb5 Nb4 12. a3 bxc5 13. Bxd7 Bxd7 14. axb4 cxb4 15. Nb1 Rfc8 16. Nd4 Qa1 17. f5 exf5 18. Rhf1 a5 19. Nxf5 Bxf5 20. Rxf5 a4 21. Bd4 b3 22. Bc3 a3 23. cxb3 d4 24. Kc2 Qxb2+ 0-1

[Event "KAZ-ch (Women)"]
[Site "Astana"]
[Date "2024.12.03"]
[Round "3"]
[White "Berikkyzy, Alanna"]
[Black "Kurmangaliyeva, Liya"]
[Result "0-1"]
[WhiteElo "2043"]
[BlackElo "2266"]
[PlyCount "56"]
[EventDate "2024.12.01"]
[EventType "tourn"]
[EventRounds "13"]
[EventCountry "KAZ"]
[SourceTitle "CB51_2024"]
[SourceDate "2024.12.18"]
[SourceVersion "1"]
[SourceVersionDate "2024.12.18"]
[SourceQuality "1"]

1. e4 c5 2. Nf3 Nc6 3. d4 cxd4 4. Nxd4 e5 5. Nb5 d6 6. c4 g6 7. N1c3 a6 8. Na3 Bg7 9. Nc2 Nf6 10. Be2 Be6 11. 0-0 Rc8 12. Be3 Ne7 13. Na3 h5 14. h3 Qd7 15. f3 h4 16. Bg5 Nh5 17. Bxh4 Nf4 18. Bg3 Bxh3 19. Rf2 Be6 20. Bf1 Bh6 21. Qe1 Nh5 22. Bh2 Qc6 23. b3 Qc5 24. Nc2 Bf4 25. Ne2 Bxh2+ 26. Kxh2 Nf4+ 27. Kg1 Nd3 28. b4 Qa7 0-1

[Event "Wch U10 Girls"]
[Site "Montesilvano"]
[Date "2024.11.26"]
[Round "11"]
[White "Berikkyzy, Alanna"]
[Black "Anistoroaei, Maria"]
[Result "1-0"]
[WhiteElo "2043"]
[BlackElo "1715"]
[PlyCount "127"]
[EventDate "2024.11.15"]
[EventType "swiss"]
[EventRounds "11"]
[EventCountry "ITA"]
[SourceTitle "CB48_2024"]
[SourceDate "2024.11.28"]
[SourceVersion "1"]
[SourceVersionDate "2024.11.28"]
[SourceQuality "1"]

1. e4 c5 2. Nf3 e6 3. d4 cxd4 4. Nxd4 a6 5. c4 Nf6 6. Nc3 Qc7 7. Be2 d6 8. Be3 Nbd7 9. 0-0 b6 10. f3 Bb7 11. Qd2 Be7 12. Rfc1 Rc8 13. b4 0-0 14. a4 Qb8 15. Kh1 Ne5 16. Qa2 Qa8 17. Qb3 Rfe8 18. a5 Bd8 19. axb6 Bxb6 20. Na4 Bd8 21. b5 Nfd7 22. bxa6 Bxa6 23. Nb5 Bxb5 24. cxb5 Bf6 25. Nc3 Qb8 26. b6 Nc5 27. Bxc5 dxc5 28. b7 Rcd8 29. Rcb1 Nc6 30. Ra8 Qc7 31. Rxd8 Rxd8 32. Na4 Nb8 33. Qb6 Qf4 34. Nxc5 g6 35. Nd3 Qd2 36. Bf1 Kg7 37. e5 Be7 38. Nf2 Qc2 39. Ne4 Rd5 40. Qb2 Qc7 41. f4 Rd7 42. Qc3 Qd8 43. Qc8 Ba3 44. Qxd8 Rxd8 45. g3 Be7 46. Bg2 Na6 47. Kg1 Rb8 48. Kf1 Nb4 49. Nd6 Nd3 50. Ra1 Nc5 51. Ra8 Nd7 52. Ne8+ Kh6 53. Nc7 Rd8 54. Na6 Kg7 55. Bc6 Nb8 56. Nxb8 Rd2 57. Nd7 Rb2 58. b8Q Rxb8 59. Rxb8 g5 60. fxg5 Bxg5 61. h4 Bh6 62. Nf6 Kg6 63. Be4+ Kg7 64. Nh5# 1-0

[Event "Wch U10 Girls"]
[Site "Montesilvano"]
[Date "2024.11.23"]
[Round "8"]
[White "Tselmuun, Ider"]
[Black "Berikkyzy, Alanna"]
[Result "1-0"]
[WhiteElo "1846"]
[BlackElo "2043"]
[PlyCount "77"]
[EventDate "2024.11.15"]
[EventType "swiss"]
[EventRounds "11"]
[EventCountry "ITA"]
[SourceTitle "CB48_2024"]
[SourceDate "2024.11.28"]
[SourceVersion "1"]
[SourceVersionDate "2024.11.28"]
[SourceQuality "1"]

1. e4 c5 2. Nf3 Nc6 3. d4 cxd4 4. Nxd4 g6 5. c4 Nf6 6. Nc3 d6 7. f3 Nxd4 8. Qxd4 Bg7 9. Be3 0-0 10. Qd2 Be6 11. Bh6 Rc8 12. Bxg7 Kxg7 13. b3 a6 14. Bd3 Qa5 15. Ne2 Qe5 16. 0-0 b5 17. cxb5 axb5 18. Qb4 Bd7 19. a4 bxa4 20. bxa4 d5 21. f4 Qh5 22. e5 Ng4 23. h3 Ne3 24. Rf3 Nc2 25. Bxc2 Rxc2 26. Nd4 Rc4 27. Qxe7 Rxd4 28. Qxd7 Qh6 29. e6 Rxf4 30. e7 Rxf3 31. exf8Q+ Kxf8 32. Qd6+ Kg8 33. gxf3 Qe3+ 34. Kg2 Qd2+ 35. Kh1 Qf2 36. Qd8+ Kg7 37. Qxd5 Qg3 38. Qd4+ Kg8 39. Qg4 1-0

[Event "Wch U10 Girls"]
[Site "Montesilvano"]
[Date "2024.11.20"]
[Round "6"]
[White "Cetin, Beren"]
[Black "Berikkyzy, Alanna"]
[Result "0-1"]
[WhiteElo "1658"]
[BlackElo "2043"]
[PlyCount "68"]
[EventDate "2024.11.15"]
[EventType "swiss"]
[EventRounds "11"]
[EventCountry "ITA"]
[SourceTitle "CB48_2024"]
[SourceDate "2024.11.28"]
[SourceVersion "1"]
[SourceVersionDate "2024.11.28"]
[SourceQuality "1"]

1. e4 c5 2. Nc3 e6 3. Nge2 Nc6 4. g3 d5 5. exd5 exd5 6. d4 Nf6 7. Bg2 cxd4 8. Nxd4 Bb4 9. 0-0 0-0 10. Bg5 Be7 11. Re1 h6 12. Bf4 Bc5 13. Be3 Bg4 14. Qd2 Bb6 15. Na4 Bc7 16. Nc5 Ne5 17. h3 Nc4 18. Qc3 Bd7 19. b3 Ba5 20. b4 Bb6 21. g4 Nd6 22. Bf4 Bxc5 23. Qxc5 Nde4 24. Bxe4 dxe4 25. Rad1 Rc8 26. Qd6 Re8 27. Be5 Nxg4 28. Bg3 Nf6 29. Kh2 Qe7 30. Nb3 Qxd6 31. Rxd6 Rxc2 32. Bh4 Bc6 33. Nd4 Rd2 34. Rg1 e3 0-1

[Event "Wch U10 Girls"]
[Site "Montesilvano"]
[Date "2024.11.18"]
[Round "4"]
[White "Filippova, Milana"]
[Black "Berikkyzy, Alanna"]
[Result "0-1"]
[WhiteElo "1687"]
[BlackElo "2043"]
[PlyCount "90"]
[EventDate "2024.11.15"]
[EventType "swiss"]
[EventRounds "11"]
[EventCountry "ITA"]
[SourceTitle "CB48_2024"]
[SourceDate "2024.11.28"]
[SourceVersion "1"]
[SourceVersionDate "2024.11.28"]
[SourceQuality "1"]

1. e4 c5 2. Nf3 Nc6 3. Bb5 Nf6 4. Nc3 Qc7 5. 0-0 e5 6. Nd5 Nxd5 7. exd5 Nd4 8. Nxd4 cxd4 9. Re1 Bd6 10. Bd3 0-0 11. g4 Qd8 12. Qf3 Qg5 13. Kh1 Qh4 14. Qg3 Qxg3 15. hxg3 b6 16. Kg2 Bb7 17. Be4 Rac8 18. c3 Rfe8 19. b3 dxc3 20. dxc3 Rxc3 21. Bb2 Rcc8 22. Rac1 g6 23. g5 Bb4 24. Red1 Be7 25. Rxc8 Rxc8 26. Bxe5 Bxg5 27. g4 Re8 28. f4 Bxf4 29. Bxf4 Rxe4 30. Kf3 Re8 31. g5 f6 32. gxf6 Kf7 33. Kg4 Kxf6 34. Bg5+ Kg7 35. Rd2 h6 36. Bh4 g5 37. Bf2 Kg6 38. d6 h5+ 39. Kh3 h4 40. Rc2 Kh5 41. Rc7 g4+ 42. Kh2 Bc6 43. Rxa7 Re2 44. Kg1 g3 45. Bxb6 Re1# 0-1

[Event "Wch U10 Girls"]
[Site "Montesilvano"]
[Date "2024.11.17"]
[Round "3"]
[White "Berikkyzy, Alanna"]
[Black "Mohamed Ahmed, Ghidaa"]
[Result "1-0"]
[WhiteElo "2043"]
[BlackElo "1638"]
[PlyCount "83"]
[EventDate "2024.11.15"]
[EventType "swiss"]
[EventRounds "11"]
[EventCountry "ITA"]
[SourceTitle "CB48_2024"]
[SourceDate "2024.11.28"]
[SourceVersion "1"]
[SourceVersionDate "2024.11.28"]
[SourceQuality "1"]

1. e4 e5 2. Nf3 d6 3. d4 exd4 4. Qxd4 Nf6 5. Nc3 Be7 6. Bf4 a6 7. 0-0-0 0-0 8. h3 b5 9. g4 Nc6 10. Qe3 Nd7 11. h4 Nb6 12. g5 b4 13. Nd5 Nxd5 14. exd5 Na7 15. h5 Bg4 16. Be2 Bxf3 17. Bxf3 a5 18. g6 h6 19. Kb1 Bg5 20. Bxg5 Qxg5 21. Qd3 f6 22. Rhg1 Qh4 23. Rg3 Qh2 24. Qd4 Nb5 25. Qd2 Qh4 26. Qd3 Na7 27. Bg4 f5 28. Bxf5 Qxh5 29. Be6+ Kh8 30. f3 Qe5 31. Rh3 Qg5 32. Rdh1 Rfe8 33. Rh5 Qf4 34. Rf5 Qg3 35. Rf7 Rxe6 36. dxe6 Qg2 37. Rd1 Nc6 38. Qa6 Qxg6 39. Qxa8+ Kh7 40. Qxc6 Qxe6 41. Qxc7 Qe5 42. f4 1-0

[Event "Bratislava exe op 2nd"]
[Site "Bratislava"]
[Date "2024.09.21"]
[Round "8"]
[White "Prokofyev, Valentyn"]
[Black "Berikkyzy, Alanna"]
[Result "1-0"]
[WhiteElo "2392"]
[BlackElo "1869"]
[PlyCount "77"]
[EventDate "2024.09.14"]
[EventType "swiss"]
[EventRounds "9"]
[EventCountry "SVK"]
[SourceTitle "EXT 2025"]
[Source "ChessBase"]
[SourceDate "2024.10.14"]
[SourceVersion "1"]
[SourceVersionDate "2024.10.14"]
[SourceQuality "1"]

1. d4 Nf6 2. Nf3 d5 3. c4 e6 4. e3 c5 5. cxd5 exd5 6. Bb5+ Bd7 7. Bxd7+ Nbxd7 8. dxc5 Bxc5 9. 0-0 0-0 10. Nc3 Nb6 11. b3 Rc8 12. Bb2 Qe7 13. Nb5 a6 14. Nbd4 Qe4 15. Ne2 Nbd7 16. Ng3 Qg6 17. Rc1 Rfd8 18. Ne5 Nxe5 19. Bxe5 Ne4 20. Nxe4 Qxe4 21. Bb2 Rc6 22. Rc4 Qe6 23. Rxc5 Rxc5 24. Qd4 Qf6 25. Qxc5 Qxb2 26. Qc7 Rf8 27. Qxb7 Qxa2 28. g3 Qa5 29. Rc1 h6 30. Rd1 Rd8 31. Rd4 Qa1+ 32. Kg2 Qb1 33. Qb6 Ra8 34. b4 Qc2 35. Qa5 Qe2 36. Qxd5 Rf8 37. Rf4 Qe1 38. h3 Qc3 39. Qa2 1-0

[Event "Bratislava exe op 2nd"]
[Site "Bratislava"]
[Date "2024.09.19"]
[Round "6"]
[White "Delaney, John Anthony"]
[Black "Berikkyzy, Alanna"]
[Result "1-0"]
[WhiteElo "2115"]
[BlackElo "1869"]
[PlyCount "59"]
[EventDate "2024.09.14"]
[EventType "swiss"]
[EventRounds "9"]
[EventCountry "SVK"]
[SourceTitle "EXT 2025"]
[Source "ChessBase"]
[SourceDate "2024.10.14"]
[SourceVersion "1"]
[SourceVersionDate "2024.10.14"]
[SourceQuality "1"]

1. e4 c5 2. Nf3 d6 3. d4 cxd4 4. Nxd4 Nf6 5. Nc3 g6 6. Nde2 Nc6 7. Nf4 Bg7 8. Be2 0-0 9. Be3 Bd7 10. f3 a6 11. g4 b5 12. Qd2 b4 13. Nd1 Ne5 14. Qxb4 Rb8 15. Qd2 Nexg4 16. fxg4 Nxe4 17. Qd5 Nf6 18. Qg2 e5 19. Nd3 Qc8 20. N1f2 Bc6 21. Bf3 e4 22. Nxe4 Bxe4 23. Bxe4 Re8 24. Bf3 Rxe3+ 25. Kd2 Re8 26. Rhf1 Qc4 27. g5 Ne4+ 28. Bxe4 Rxe4 29. Rae1 Rxe1 30. Rxe1 1-0

[Event "Bratislava exe op 2nd"]
[Site "Bratislava"]
[Date "2024.09.17"]
[Round "4"]
[White "Roe, Simon J"]
[Black "Berikkyzy, Alanna"]
[Result "1-0"]
[WhiteElo "2144"]
[BlackElo "1869"]
[PlyCount "91"]
[EventDate "2024.09.14"]
[EventType "swiss"]
[EventRounds "9"]
[EventCountry "SVK"]
[SourceTitle "EXT 2025"]
[Source "ChessBase"]
[SourceDate "2024.10.14"]
[SourceVersion "1"]
[SourceVersionDate "2024.10.14"]
[SourceQuality "1"]

1. d4 Nf6 2. Nf3 d5 3. e3 e6 4. Bd3 Be7 5. 0-0 0-0 6. b3 Nbd7 7. Bb2 c5 8. Nbd2 b6 9. Ne5 Bb7 10. Qe2 Rc8 11. Rad1 Qc7 12. f4 Ne4 13. Nxd7 Qxd7 14. Bxe4 dxe4 15. dxc5 Qc6 16. Qg4 f6 17. cxb6 Bc5 18. Nc4 axb6 19. Bd4 Bxd4 20. Rxd4 Rcd8 21. Rfd1 Rxd4 22. Rxd4 b5 23. Nd6 f5 24. Qd1 Ba8 25. c4 b4 26. Qd2 Qc5 27. Nb5 Qe7 28. Nd6 e5 29. fxe5 Qxe5 30. Nb5 Qf6 31. Nc7 f4 32. exf4 Bb7 33. Nd5 Qh6 34. Rxe4 Qh5 35. h3 Ba8 36. Re5 Qf7 37. Kh1 Rb8 38. Qe3 h6 39. Kh2 Bxd5 40. cxd5 Rf8 41. d6 Qd7 42. Qd4 Qf7 43. Re7 Qg6 44. d7 Rd8 45. f5 Qg5 46. f6 1-0

[Event "Bratislava exe op 2nd"]
[Site "Bratislava"]
[Date "2024.09.16"]
[Round "3"]
[White "Berikkyzy, Alanna"]
[Black "Hu, Jiani"]
[Result "1-0"]
[WhiteElo "1869"]
[BlackElo "2125"]
[PlyCount "63"]
[EventDate "2024.09.14"]
[EventType "swiss"]
[EventRounds "9"]
[EventCountry "SVK"]
[SourceTitle "EXT 2025"]
[Source "ChessBase"]
[SourceDate "2024.10.14"]
[SourceVersion "1"]
[SourceVersionDate "2024.10.14"]
[SourceQuality "1"]

1. e4 c5 2. Nf3 e6 3. d4 cxd4 4. Nxd4 a6 5. c4 Nf6 6. Nc3 d6 7. Be2 Be7 8. 0-0 0-0 9. Be3 Qc7 10. Rc1 b6 11. Qd2 Bb7 12. f3 Nbd7 13. Rfd1 Rac8 14. a4 Qb8 15. b4 Rfe8 16. Nb3 h5 17. Bf2 d5 18. cxd5 Bxb4 19. dxe6 Rxe6 20. Nd4 Ree8 21. Nf5 Nf8 22. Bg3 Qa7 23. Qb2 Bc5+ 24. Kh1 Rcd8 25. Bc4 Bc8 26. Nd6 Bxd6 27. Bxd6 Be6 28. e5 N6d7 29. Nd5 Bxd5 30. Bxd5 Ne6 31. Bxe6 Rxe6 32. Bc7 1-0